00808cam a2200181 a 4500020001700000040000800017082002600025100002400051245035300075260004600428300002100474490005000495500002200545650001200567650001300579650001500592700001900607 a0933332912 : cDLC00a016 SFC 1994 C149 Or.1 aShurtleff, William,10aGreen vegetable soybeans (edamamé) and vegetable-type soybeans :bbibliography and sourcebook, 3rd century A.D. to 1994 : detailed information on 648 published documents (extensively annotated bibliography), 30 commercial green vegetable soybean products, 20 original interviews (many full text) and overviews, 28 unpublished archival documents / aLafayette, CA :bSoyfoods Center,cc1994. a265 p. ;c29 cm.1 aBibliographies and sourcebooks on soya series aIncludes indexes. 0aSoybean 0aSoyfoods 0aVegetables1 aAoyagi, Akiko.